Medzné stupne pretvorenia pri hlbokom a obrátenom (spätnom) ťahaní plechu : Diplomová práca

Salvato in:
Dettagli Bibliografici
Autore principale: Bajzík, Bystrík (Autore)
Altri autori: Kotras, Peter, 1939- (xxx)
Natura: Manoscritto Libro
Lingua:slovacco
Pubblicazione: Trnava : STU v Bratislave MtF KTv, 2002
Soggetti:
Tags: Aggiungi Tag
Nessun Tag, puoi essere il primo ad aggiungerne!!

MARC

LEADER 00000ntm a22000003a 4500
001 stu76430
005 20160719155032.2
008 020702s2002----xo------------------slo-d
040 |a STU  |b slo 
041 0 |a slo 
044 |a xo 
100 1 |a Bajzík, Bystrík  |4 aut 
245 1 |a Medzné stupne pretvorenia pri hlbokom a obrátenom (spätnom) ťahaní plechu :  |b Diplomová práca 
260 |a Trnava :  |b STU v Bratislave MtF KTv,  |c 2002 
300 |a 64 s  |c abstr. + príl. 
650 7 |a medzné stupne  |2 stusub 
650 7 |a ťahanie plechu  |2 stusub 
650 7 |a strojárske technológie  |2 stusub 
700 1 |a Kotras, Peter,  |d 1939-  |4 xxx  |u M150  |U MTF Ústav výrobných technológií  |T MTF Katedra tvárnenia  |X 210  |U M150  |Y M150  |7 A000000210